Agama samawi (Ibrahim)

Bibliographic Details
Main Author: Maruwiah Ahmat
Format: Book
Published: Cheras : Pustaka Cergas Jaya , 2020
Series:Siri agama-agama dunia
Subjects:

MARC

LEADER 00000cam a2200000 7i4500
001 0000278302
005 20200918163257.0
020 |a 9789670969190 
090 0 0 |a 200   |b MAR 
100 0 |a Maruwiah Ahmat 
245 1 0 |a Agama samawi (Ibrahim)   |c Maruwiah Ahmat 
260 |a Cheras :   |b Pustaka Cergas Jaya ,   |c 2020 
300 |a 92p. ;   |c 26cm. 
490 0 |a Siri agama-agama dunia 
650 0 |a Babism 
650 0 |a Christianity 
650 0 |a Islam 
650 0 |a Judaism 
650 0 |a Religions 
650 0 |a Religions   |x History 
999 |a 00377443   |b BUKU   |c JUNIOR BOOKS   |e PERPUSTAKAAN KOMUNITI PETALING JAYA